Responses for Show #3919 - Thursday, September 20, 2001

Mark Dawson game 5.

Contestants

[<< previous game]

Eugene Gamblin, a nightclub and restaurant owner from Ronkonkoma, New York

Marisa Prasifka, a stay-at-home mom from Austin, Texas

Mark Dawson, a business manager from Chamblee, Georgia (whose 4-day cash winnings total $44,399)

[next game >>]

Jeopardy! Round responses

WE ARE THE WORLD
WHAT'S UP, TV DOC?
2000
CHARITY BEGINS WITH BEER
(Alex: We want you to name the author for...)
WHO DUNNIT?
FAMILIAR EXPRESSIONS
(Alex: ...at least we hope they are familiar!)
    $100 20
Sea World

Marisa
    $100 2
Survivor

Mark
    $100 22
(Eugene: What is Salina?)

Williams

MarkEugene
    $100 15
Miller

Mark
    $100 10
Agatha Christie

Marisa
    $100 1
a whistle

Eugene
    $200 21
(Eugene: What is the World Federation Wrestling? WFW?)
...
(Alex: And that picture, of course, was of one of their big stars, Chyna.)

the World Wrestling Federation

MarkEugene
    $200 6
Dick Van Dyke

Eugene
    $200 23
the (National) Spelling Bee

Mark
    $200 16
Dublin

Eugene
    $200 11
(Sue) Grafton

Marisa
    $200 3
Great White Hope

Marisa
    $300 28
World Book Encyclopedia

Marisa
    $300 7
Bill Cosby

Eugene
    $300 24
(Eugene: What is the lira?)

the (U.S.) dollar

MarkEugene
    $300 18
England

Mark
    $300 12
Raymond Chandler

Eugene
    $300 4
industry

Mark
    $400 29
(Mark: What is Woodmen of the World?)
(Eugene: What is the World Trade Federation?)

the Industrial Workers of the World (the IWW or the "Wobblies")

MarkEugene
Triple Stumper
    $400 8
Robert Young

Eugene
    $400 25
(Alex: Less than a minute now.)

Houston

Mark
    $400 19
Vassar

Eugene
    $400 13
(Marisa: Who is P.D. James?)

Lawrence Sanders

Marisa
Triple Stumper
    $400 5
a pickle

Eugene
    $500 30
WorldCom

Marisa
    $500 9
(Alex: Good, let's go to another category.)

Danny Thomas

Eugene
    $500 26
Haile Selassie

Mark
    $500 27
(Mark: What is Labatt's?)

Molson

MarkEugene
    $500 17
Walter Mosley

Triple Stumper
    $800 14
a poster child

Eugene

Scores at the first commercial break (after clue 15):

Mark Marisa Eugene
$500 $100 $3,000

Scores at the end of the Jeopardy! Round:

Mark Marisa Eugene
$1,600 $1,000 $3,100

Double Jeopardy! Round responses

A BANNER YEAR IN THE NEW YORK TIMES
ROBERT REDFORD ROLES
THE GOOD BOOK
KITCHEN NONESSENTIALS
"D" TOUR
IF THEY MARRIED...
    $200 22
(Mark: What is 1915?)
...
(Alex: It started World War I, it was [*].)

1914

Mark
Triple Stumper
    $200 2
All the President's Men

Eugene
    $200 11
(Eugene: What are people?)

gods

MarkEugene
    $200 4
honey

Eugene
    $200 1
Denmark

Eugene
    $200 14
Pippi Pippen

Marisa
    $400 23
1999

Triple Stumper
    $400 3
The Natural

Mark
    $400 12
the River Jordan

Eugene
    $400 27
pit them

Marisa
    $400 7
[NOTE: Mark selects this clue, though control should have been Eugene's.]

Devil's Island

Mark
    $400 15
Penny Laine

Eugene
    $600 24
1984

Mark
    $1,400 5
The Candidate

Eugene
    $600 19
shepherds

Mark
    $600 28
[The end-of-round signal sounds.]

the veins

Eugene
    $1,600 8
(Alex: Now before you select again, Mark, I just want to point out something, that I went to you in error a few moments ago; it was Eugene's turn to select, but you rang in first on the clue and came up with a correct response, and that's why you wound up with the Daily Double.)

Durham

Mark
    $600 16
Candy Caine

Eugene
    $800 25
1927

Mark
    $800 6
(Mark: ...Can't think of it.)

Indecent Proposal

Mark
Triple Stumper
    $800 20
(Eugene: What is a drink?)
(Alex: No. Oh, no, thank you. Spoken like a true bartender!)
(Marisa: What is a wife?)

heart

MarisaEugene
Triple Stumper
    $800 9
(Eugene: What is Des Moines?)
(Mark: What is Dubuque?)
...
(Alex: It was in the news a great deal this year. [*].)

Davenport

MarkEugene
Triple Stumper
    $800 17
Liv Fast

Eugene
    $1000 26
1948

Mark
    $1000 13
(Eugene: What is... oh...)
...
(Alex: You drew a blank at the wrong moment, there, Eugene, but select again.)

Up Close and Personal

Eugene
Triple Stumper
    $1000 21
(Alex: A minute to go, Mark.)

courage

Triple Stumper
    $1000 10
Djibouti

Mark
    $1000 18
(Eugene: What is Locke-Ness-Monster? Oh!)

Locke-Ness-Munster

MarkEugene

Scores at the end of the Double Jeopardy! Round:

Mark Marisa Eugene
$7,400 $800 $4,100

[wagering suggestions for these scores]

Final Jeopardy! Round responses

ON THE MAP
(Alex: Mark, great performance, great week for you; you've thought about the cars, what have you selected?)
(Mark: Uh, the Tahoe. I think it's most practical for me.)
...
(Alex: And of course you get to come back and compete in our Tournament of Champions. We'll see you then. Thank you, players, for a good game. Three new players to wrap up the week. See you then. So long!)
[NOTE: Mark ended up changing his mind and taking a Corvette instead.]
MarisaWhat are Russia + C U.S.
$0
EugeneWhat Africa + Euroupe
$4,100
MarkWhat are Turkey and Russia
$800
(2 of) Turkey, Russia, or Egypt

Final scores:

Mark Marisa Eugene
$8,200 $800 $0
5-day champion: $52,599 2nd place: a trip to Orlando, Florida 3rd place: a TicketsNow.com gift certificate

Game dynamics:

Coryat scores:

Mark Marisa Eugene
$6,400 $800 $3,000
20 R
(including 1 DD),
5 W
8 R,
2 W
20 R
(including 2 DDs),
9 W

Combined Coryat: $10,200

[game clues] [game scores] [suggest correction]

Game tape date: 2001-04-25
The J! Archive is created by fans, for fans. Scraping, republication, monetization, and malicious use prohibited; this site may use cookies and collect identifying information. See terms. The Jeopardy! game show and all elements thereof, including but not limited to copyright and trademark thereto, are the property of Jeopardy Productions, Inc. and are protected under law. This website is not affiliated with, sponsored by, or operated by Jeopardy Productions, Inc. Join the discussion at JBoard.tv.